00419 2200169 4500001002100000005001500021035002000036245004400056100000800100300001700108260004100125082001000166084001600176020001800192600001300210990002600223INLIS00000000000089120260311085736 a0010-03260000021 aSmart Book Psikotes /cTim master eduka0 aTim a376 ;c18 cm aSolo :bGenta Smart publisher,c2018 a158.7 a158.7 TIM s a978602635904904apsikotes a2018/SMKMIRI/2100/001